000 00283 a2200109 4500
020 _a9781032940328
100 _aTonny J. Oyana
245 _aSpatial analysis with R: statistics, visualization, and computational methods
250 _a2nd
260 _bCRC Press
_c2025
942 _cOO
999 _c116035
_d116034